Catálogo público

Ilustrated genera of imperfect fungi / (Record no. 204883)

MARC details
000 -CABECERA
campo de control de longitud fija 00758nam a2200289Ia 4500
001 - NÚMERO DE CONTROL
campo de control Para_6103
003 - IDENTIFICADOR DEL NÚMERO DE CONTROL
campo de control CHAP
008 - DATOS DE LONGITUD FIJA--INFORMACIÓN GENERAL
campo de control de longitud fija 220125s1972 xx 000 0 und d
010 ## - NÚMERO DE CONTROL DE LA BIBLIOTECA DEL CONGRESO
Número de control de LC 204883
040 ## - FUENTE DE LA CATALOGACIÓN
Centro/agencia transcriptor CHAP
082 ## - NÚMERO DE LA CLASIFICACIÓN DECIMAL DEWEY
Número de clasificación PA 589.24 B37 1972
100 ## - ENTRADA PRINCIPAL--NOMBRE DE PERSONA
Nombre de persona Barnett, H. L.
9 (RLIN) 153257
245 ## - MENCIÓN DE TÍTULO
Título Ilustrated genera of imperfect fungi /
Mención de responsabilidad, etc. by H. L. Barnett y Barry B. Hunter
250 ## - MENCIÓN DE EDICIÓN
Mención de edición 3
260 ## - PUBLICACIÓN, DISTRIBUCIÓN, ETC.
Lugar de publicación, distribución, etc. Minneapolis :
Nombre del editor, distribuidor, etc. Burgess
300 ## - DESCRIPCIÓN FÍSICA
Extensión 241 p.
650 ## - PUNTO DE ACCESO ADICIONAL DE MATERIA--TÉRMINO DE MATERIA
Término de materia o nombre geográfico como elemento de entrada Hongos
9 (RLIN) 56084
650 ## - PUNTO DE ACCESO ADICIONAL DE MATERIA--TÉRMINO DE MATERIA
Término de materia o nombre geográfico como elemento de entrada Micología
9 (RLIN) 75476
700 ## - PUNTO DE ACCESO ADICIONAL--NOMBRE DE PERSONA
Nombre de persona Hunter, Barry B.
9 (RLIN) 56934
901 ## - ELEMENTOS DE DATOS A LOCAL LDA (RLIN)
a PA 589.24 B37 1972
902 ## - ELEMENTOS DE DATOS B LOCAL, LDB (RLIN)
a A
905 ## - ELEMENTOS DE DATOS E LOCAL, LDE (RLIN)
a 0000001972 a 0000000000 00
910 ## - DATOS DE OPCIÓN DEL USUARIO (OCLC)
Datos de opción del usuario 1972
942 ## - ELEMENTOS DE PUNTO DE ACCESO ADICIONAL (KOHA)
Tipo de ítem Koha Parasitologia_
942 ## - ELEMENTOS DE PUNTO DE ACCESO ADICIONAL (KOHA)
Tipo de ítem Koha Parasitologia_
-- 1
Holdings
Estado de retiro Estado de pérdida Fuente del sistema de clasificación o colocación Estado dañado No para préstamo Código de colección Localización permanente Ubicación/localización actual Fecha de adquisición Información codificada de la localización en otra ubicación Número de inventario Total de préstamos Renovaciones totales Signatura topográfica completa Código de barras Fecha visto por última vez Fecha del último préstamo Número de copia Precio válido a partir de Tipo de ítem Koha Nota pública
    Dewey Decimal Classification     General Parasitologia Agricola Parasitologia Agricola 27/10/2005 PARA (PA_3517) (No. UACh 043404) 1 1 PA 589.24 B37 1972 4102000709 17/07/2023 20/06/2023 Ej.1 25/01/2022 Libro 3